Olympics medal table - Athens 2004 - Statistics

General Stats
  • This quiz has been taken 31 times
  • The average score is 10 of 10
Answer Stats
Gold Silver Bronze Total Nation % Correct
17 16 17 50 Australia
100%
32 17 14 63 China
100%
11 9 13 33 France
100%
13 16 20 49 Germany
100%
28 26 36 90 Russia
100%
36 39 26 101 United States
100%
9 9 12 30 Great Britain
96%
10 11 11 32 Italy
93%
16 9 12 37 Japan
93%
9 12 9 30 South Korea
81%
No matching quizzes found
Score Distribution
Percent of People with Each Score
Percentile by Number Answered
Your Score History
You have not taken this quiz